<?xml version="1.0" encoding="UTF-8"?>
<record
    xmlns:xsi="http://www.w3.org/2001/XMLSchema-instance"
    xsi:schemaLocation="http://www.loc.gov/MARC21/slim http://www.loc.gov/standards/marcxml/schema/MARC21slim.xsd"
    xmlns="http://www.loc.gov/MARC21/slim">

  <leader>00761nam a2200229 a 4500</leader>
  <controlfield tag="001">85236</controlfield>
  <controlfield tag="003">BD-RjUL</controlfield>
  <controlfield tag="005">20250717161524.0</controlfield>
  <controlfield tag="008">250717s2024    bg ||||| |||| 00| 0 ben d</controlfield>
  <datafield tag="020" ind1=" " ind2=" ">
    <subfield code="a">9789849923626</subfield>
  </datafield>
  <datafield tag="035" ind1=" " ind2=" ">
    <subfield code="a">(BD-RjUL)85236</subfield>
  </datafield>
  <datafield tag="040" ind1=" " ind2=" ">
    <subfield code="a">BD-RjUL</subfield>
    <subfield code="b">eng</subfield>
    <subfield code="c">BD-RjUL</subfield>
  </datafield>
  <datafield tag="041" ind1=" " ind2=" ">
    <subfield code="a">ben</subfield>
  </datafield>
  <datafield tag="082" ind1=" " ind2=" ">
    <subfield code="2">23</subfield>
    <subfield code="a">297.265</subfield>
    <subfield code="b">IMQ 2024</subfield>
  </datafield>
  <datafield tag="100" ind1=" " ind2=" ">
    <subfield code="a">&#x987;&#x9AE;&#x9A4;&#x9BF;&#x9AF;&#x9BC;&#x9BE;&#x99C;, &#x986;&#x9B9;&#x9AE;&#x9C7;&#x9A6;  </subfield>
    <subfield code="9">16090</subfield>
  </datafield>
  <datafield tag="245" ind1=" " ind2=" ">
    <subfield code="a">&#x995;&#x9C1;&#x9B0;&#x986;&#x9A8; &#x993; &#x9AC;&#x9BE;&#x9AF;&#x9BC;&#x9CB;&#x9B2;&#x99C;&#x9BF;  /</subfield>
    <subfield code="c">&#x986;&#x9B9;&#x9AE;&#x9C7;&#x9A6; &#x987;&#x9AE;&#x9A4;&#x9BF;&#x9AF;&#x9BC;&#x9BE;&#x99C; </subfield>
  </datafield>
  <datafield tag="260" ind1=" " ind2=" ">
    <subfield code="a">&#x9A2;&#x9BE;&#x995;&#x9BE; :</subfield>
    <subfield code="b">&#x987;&#x9B2;&#x9B9;&#x9BE;&#x9AE;,</subfield>
    <subfield code="c">&#x9E8;&#x9E6;&#x9E8;&#x9EA;</subfield>
  </datafield>
  <datafield tag="300" ind1=" " ind2=" ">
    <subfield code="a">&#x9E9;&#x9E6;&#x9EF; &#x9AA;&#x9C3;.;</subfield>
    <subfield code="c">&#x9E8;&#x9E8; &#x9B8;&#x9C7;&#x9AE;&#x9BF;</subfield>
  </datafield>
  <datafield tag="650" ind1=" " ind2=" ">
    <subfield code="a">&#x987;&#x9B8;&#x9B2;&#x9BE;&#x9AE; &#x98F;&#x9AC;&#x982; &#x9AC;&#x9BF;&#x99C;&#x9CD;&#x99E;&#x9BE;&#x9A8;</subfield>
    <subfield code="9">16091</subfield>
  </datafield>
  <datafield tag="650" ind1=" " ind2=" ">
    <subfield code="a">Islam and science</subfield>
    <subfield code="9">16092</subfield>
  </datafield>
  <datafield tag="942" ind1=" " ind2=" ">
    <subfield code="2">ddc</subfield>
    <subfield code="c">BK</subfield>
  </datafield>
  <datafield tag="999" ind1=" " ind2=" ">
    <subfield code="c">85236</subfield>
    <subfield code="d">85236</subfield>
  </datafield>
  <datafield tag="952" ind1=" " ind2=" ">
    <subfield code="0">0</subfield>
    <subfield code="1">0</subfield>
    <subfield code="2">ddc</subfield>
    <subfield code="4">0</subfield>
    <subfield code="7">1</subfield>
    <subfield code="8">NFIC</subfield>
    <subfield code="a">RUCL</subfield>
    <subfield code="b">RUCL</subfield>
    <subfield code="c">Reading</subfield>
    <subfield code="d">2025-07-17</subfield>
    <subfield code="e">Ahmed Imtiaj, Dep. of Botani R.U.</subfield>
    <subfield code="g">465.00</subfield>
    <subfield code="l">0</subfield>
    <subfield code="o">B 297.265 IMQ 2024</subfield>
    <subfield code="r">2025-07-17 00:00:00</subfield>
    <subfield code="t">C-1</subfield>
    <subfield code="w">2025-07-17</subfield>
    <subfield code="y">BK</subfield>
  </datafield>
  <datafield tag="952" ind1=" " ind2=" ">
    <subfield code="0">0</subfield>
    <subfield code="1">0</subfield>
    <subfield code="2">ddc</subfield>
    <subfield code="4">0</subfield>
    <subfield code="7">0</subfield>
    <subfield code="8">NFIC</subfield>
    <subfield code="a">RUCL</subfield>
    <subfield code="b">RUCL</subfield>
    <subfield code="c">GEN</subfield>
    <subfield code="d">2025-07-17</subfield>
    <subfield code="e">Ahmed Imtiaj, Dep. of Botani R.U.</subfield>
    <subfield code="g">465.00</subfield>
    <subfield code="l">0</subfield>
    <subfield code="o">B 297.265 IMQ 2024</subfield>
    <subfield code="r">2025-07-17 00:00:00</subfield>
    <subfield code="t">C-2</subfield>
    <subfield code="w">2025-07-17</subfield>
    <subfield code="y">BK</subfield>
  </datafield>
  <datafield tag="952" ind1=" " ind2=" ">
    <subfield code="0">0</subfield>
    <subfield code="1">0</subfield>
    <subfield code="2">ddc</subfield>
    <subfield code="4">0</subfield>
    <subfield code="7">0</subfield>
    <subfield code="8">NFIC</subfield>
    <subfield code="a">RUCL</subfield>
    <subfield code="b">RUCL</subfield>
    <subfield code="c">GEN</subfield>
    <subfield code="d">2025-07-17</subfield>
    <subfield code="e">Ahmed Imtiaj, Dep. of Botani R.U.</subfield>
    <subfield code="g">465.00</subfield>
    <subfield code="l">0</subfield>
    <subfield code="o">B 297.265 IMQ 2024</subfield>
    <subfield code="r">2025-07-17 00:00:00</subfield>
    <subfield code="t">C-3</subfield>
    <subfield code="w">2025-07-17</subfield>
    <subfield code="y">BK</subfield>
  </datafield>
  <datafield tag="952" ind1=" " ind2=" ">
    <subfield code="0">0</subfield>
    <subfield code="1">0</subfield>
    <subfield code="2">ddc</subfield>
    <subfield code="4">0</subfield>
    <subfield code="7">0</subfield>
    <subfield code="8">NFIC</subfield>
    <subfield code="a">RUCL</subfield>
    <subfield code="b">RUCL</subfield>
    <subfield code="c">GEN</subfield>
    <subfield code="d">2025-07-17</subfield>
    <subfield code="e">Ahmed Imtiaj, Dep. of Botani R.U.</subfield>
    <subfield code="g">465.00</subfield>
    <subfield code="l">0</subfield>
    <subfield code="o">B 297.265 IMQ 2024</subfield>
    <subfield code="r">2025-07-17 00:00:00</subfield>
    <subfield code="t">C-4</subfield>
    <subfield code="w">2025-07-17</subfield>
    <subfield code="y">BK</subfield>
  </datafield>
  <datafield tag="952" ind1=" " ind2=" ">
    <subfield code="0">0</subfield>
    <subfield code="1">0</subfield>
    <subfield code="2">ddc</subfield>
    <subfield code="4">0</subfield>
    <subfield code="7">0</subfield>
    <subfield code="8">NFIC</subfield>
    <subfield code="a">RUCL</subfield>
    <subfield code="b">RUCL</subfield>
    <subfield code="c">GEN</subfield>
    <subfield code="d">2025-07-17</subfield>
    <subfield code="e">Ahmed Imtiaj, Dep. of Botani R.U.</subfield>
    <subfield code="g">465.00</subfield>
    <subfield code="o">B 297.265 IMQ 2024</subfield>
    <subfield code="r">2025-07-17 00:00:00</subfield>
    <subfield code="t">C-5</subfield>
    <subfield code="y">BK</subfield>
  </datafield>
</record>
